| 000 | 00679cam a2200229ra 4500 | ||
|---|---|---|---|
| 001 | 20919 | ||
| 003 | BD-RjUL | ||
| 005 | 20211209000628.0 | ||
| 008 | 140302s1963 enk 00000 eng d | ||
| 035 | _a(BD-RjUL)20981 | ||
| 035 | _a(BD-RjUL) | ||
| 040 |
_aBD-RjUL _beng _cBD-RjUL _dBD-RjUL |
||
| 041 | _aeng | ||
| 082 |
_220 _a792.028 _bHOR |
||
| 100 | 1 |
_aHochhuth, Rolf. _964613 |
|
| 245 | 1 | 4 |
_aThe representative / _ctranslated with a preface by Robert David Macdonald. |
| 260 | 0 |
_aLondon : _bMethuen, _c1963. |
|
| 300 |
_a331 p. ; _c22cm. |
||
| 500 | _aTranslation of Der Stellvertreter. | ||
| 650 |
_aPius -- XII, -- Pope, -- 1876-1958 -- Drama. _964614 |
||
| 942 |
_2ddc _cBK |
||
| 999 |
_c20919 _d20919 |
||